000
00193nam a2200085Ia 4500
008
120527s9999 xx 000 0 und d
100
_a
OLOPADE, D.O
245
_a
A Born Administrator
942
_c
BK
999
_c
25356
_d
25356